[Event "Budapest FS11 IM-B"]
[Site "Budapest"]
[Date "1994.??.??"]
[Round "6"]
[White "Tseitlin, Mikhail S"]
[Black "Zouheir, Issam"]
[Result "1/2-1/2"]
[WhiteElo "2440"]
[BlackElo "2260"]

1.e4 c5 2.Nf3 Nc6 3.Bb5 d6 4.O-O Bd7 5.Re1 e6 6.c3 a6 7.Bxc6 Bxc6 8.d4 cxd4
9.cxd4 d5 10.Ne5 Nf6 11.Nxc6 bxc6 12.e5 Nd7 13.Qg4 c5 14.Nd2 cxd4 15.Nf3 d3
16.b3 Nc5 17.Bg5 Qa5 18.Bd2 Qb5 19.Nd4 Qb6 20.Be3 Qb7 21.Rad1 Qb4 22.Bd2 Qb7
23.Bc1 h5 24.Qf4 Be7 25.Ba3 d2 26.Rf1 Nd3 27.Qg3 Bxa3 28.Qxd3 Bc1 29.Ne2 Qb5
30.Qe3 Rc8 31.Nxc1 dxc1=Q 32.Rxc1 O-O 33.h3 Qa5 34.Qe2 Qa3 35.Rc2 g6 36.Rd1 Rfd8
37.Rd4 Qa5 38.Kh2 Rxc2 39.Qxc2 Qe1 40.f4 Qe3 41.Qd3 Qf2 42.Qd2 Qxd2 43.Rxd2 Rc8
44.Rd4 a5 45.Ra4 Rc5 46.Kg3 Kf8 47.Kh4 Kg7 48.Kg5 Rb5 49.g4 hxg4 50.hxg4 d4
51.Rxd4 f6+ 52.Kh4 fxe5 53.Rd7+ Kf6 54.g5+ Kf5 55.Rf7+ Ke4 56.fxe5 Kxe5 57.Rf6 Rb4+
58.Kg3 a4 59.Rxg6 axb3 60.axb3 Kf5 61.Rf6+  1/2-1/2

[Event "Budapest FS09 IM-A"]
[Site "Budapest"]
[Date "1994.??.??"]
[Round "6"]
[White "Held, Markus"]
[Black "Rajcsanyi, Zita"]
[Result "1/2-1/2"]
[WhiteElo "2210"]
[BlackElo "2225"]

1.e4 c5 2.Nf3 Nc6 3.Bb5 g6 4.O-O Bg7 5.Bxc6 dxc6 6.d3 Nh6 7.Nc3 f6 8.Be3 b6
9.a4 e5 10.a5 Be6 11.h3 O-O 12.Ne2 Nf7 13.c3 f5 14.axb6 axb6 15.Qc2 f4 16.Rxa8 Qxa8
17.Bc1 Qd8 18.Rd1 Ng5 19.Nxg5 Qxg5 20.Kf1 Qh4 21.Ng1 Qe7 22.Bd2 c4 23.Nf3 cxd3
24.Qxd3 Rd8 25.Qc2 Bc4+ 26.Ke1 Qe6 27.Bc1 Rd6 28.Rxd6 Qxd6 29.Qd2 Qd3 30.Qxd3 Bxd3
31.Nd2 Bf6 32.b3 Kf7 33.f3 Bh4+ 34.Kd1 Ke6 35.Ba3 Bf2 36.Bf8 b5 37.Bb4 Be3
38.Bf8 Bxd2 39.Kxd2 Bf1 40.h4 Bxg2 41.Ke2 Bh3 42.Bg7 Kd6 43.Bf8+ Kd7 44.Bg7 Ke6
45.Kf2 h5 46.Bh6 b4 47.cxb4  1/2-1/2

[Event "Budapest FS06 GM"]
[Site "Budapest"]
[Date "1994.??.??"]
[Round "7"]
[White "Pavasovic, Dusko"]
[Black "Bliumberg, Vladislav"]
[Result "1-0"]
[WhiteElo "2320"]
[BlackElo "2360"]

1.e4 c5 2.Nf3 Nc6 3.Bb5 g6 4.Bxc6 bxc6 5.O-O Bg7 6.Re1 f6 7.d4 cxd4 8.Nxd4 Nh6
9.Bxh6 Bxh6 10.Nf5 Bf8 11.e5 fxe5 12.Rxe5 d5 13.Nd4 Qd6 14.Re1 Bg7 15.Nc3 O-O
16.Qd2 Rb8 17.Nb3 Rb4 18.Rad1 Rbf4 19.f3 R4f5 20.Qe2 Be5 21.g3 Rxf3 22.Rd3 Rxd3
23.Qxd3 Bh3 24.Nd1 Qf6 25.c3 Bc7 26.Nc5 e5 27.Qe2 e4 28.a3 Bb6 29.b4 h5 30.Nf2 Bc8
31.Qd2 Bxc5 32.bxc5 Ba6 33.Nh3 Kg7 34.Nf4 Rb8 35.Kg2 Bc8 36.Rf1 Ba6 37.Nxh5+ gxh5
38.Rxf6 Kxf6  1-0

[Event "Budapest FS04 IM (Women)"]
[Site "Budapest"]
[Date "1994.??.??"]
[Round "7"]
[White "Cynolter Bognarne, Erzsebet"]
[Black "Koglin, Anke"]
[Result "0-1"]
[WhiteElo "2040"]
[BlackElo "2200"]

1.e4 c5 2.Nf3 Nc6 3.Bb5 g6 4.O-O Bg7 5.c3 Nf6 6.Qe2 O-O 7.Rd1 a6 8.Ba4 b5
9.Bc2 d6 10.d4 cxd4 11.cxd4 Qc7 12.h3 e6 13.Be3 Bb7 14.Nc3 Rfe8 15.Rac1 Na5
16.Bb1 Qb6 17.b3 Nd7 18.Qd2 Rac8 19.Bh6 Qd8 20.Bxg7 Kxg7 21.Nh2 Nf6 22.e5 Nd5
23.Nxd5 Rxc1 24.Rxc1 Bxd5 25.Ng4 dxe5 26.Qh6+ Kh8 27.dxe5 Rg8 28.Nf6 Rg7
29.h4 Nc6 30.Qe3 Ne7 31.Qc5 Ng8 32.Qc8 Qa5 33.Rd1 h6 34.Qe8 Qb4 35.Qc8 Qxh4
36.Qc1 Nxf6 37.exf6 Qxf6 38.Qxh6+ Kg8 39.Qc1 Rh7 40.Rd3 Kg7 41.Rg3 Rh8 42.Qc7 Rh6
43.Qc3 Qxc3 44.Rxc3 Rh4 45.Bc2 Rh8 46.f3 Ra8 47.Kf2 Ra7 48.f4 Kf6 49.g3 g5
50.Ke3 gxf4+ 51.gxf4 Ke7 52.Kd4 Rd7 53.Ke3 Kd6 54.a3 Rd8 55.Be4 Rh8 56.Bxd5 exd5
57.Kf2 d4 58.Rg3 Rc8 59.Ke2 Kd5 60.Rh3 Ke4 61.f5 Rc3 62.Rh4+ Ke5 63.a4 Rxb3
64.axb5 axb5 65.f6 d3+ 66.Kd2 Kxf6  0-1

[Event "Budapest FS03 IM-A"]
[Site "Budapest"]
[Date "1994.??.??"]
[Round "7"]
[White "Wapner, Jonathan"]
[Black "Bliumberg, Vladislav"]
[Result "0-1"]
[WhiteElo "2155"]
[BlackElo "2360"]

1.e4 c5 2.Nf3 Nc6 3.Bb5 g6 4.Bxc6 bxc6 5.O-O Bg7 6.Re1 f6 7.c3 Nh6 8.d4 cxd4
9.cxd4 O-O 10.Qa4 Qb6 11.Na3 Nf7 12.Nc4 Qa6 13.Qb4 d6 14.Be3 Be6 15.Na5 Rab8
16.Qc3 Rfc8 17.b4 Bg4 18.Rac1 c5 19.dxc5 Bxf3 20.gxf3 Ne5 21.Bd4 Nd3 22.b5 Qxb5
23.Rb1 Qxb1 24.Qc4+ d5 25.Qxd5+ Kh8 26.Rxb1 Rxb1+ 27.Kg2 Nf4+ 28.Kg3 Nxd5  0-1

[Event "Budapest Spring op"]
[Site "Budapest"]
[Date "1994.??.??"]
[Round "8"]
[White "Sivokho, Sergey"]
[Black "Mansurov, Viacheslav"]
[Result "1/2-1/2"]
[WhiteElo "2360"]
[BlackElo "2400"]

1.e4 c5 2.Nf3 Nc6 3.Bb5 g6 4.O-O Bg7 5.Re1 Nf6 6.Nc3 Nd4 7.e5 Ng8 8.Bc4 d6
9.Nxd4 cxd4 10.Qf3 e6 11.Nb5 dxe5 12.Qa3 Ne7 13.Nd6+ Kf8 14.d3 h6 15.f4 exf4
16.Bxf4 Kg8 17.Qb3 Qb6 18.Qxb6 axb6 19.a4 Kh7 20.Bg3 Rf8 21.Bb5 Nd5 22.Ne8 f6
23.Nc7 Nxc7 24.Bxc7 e5 25.Bxb6 Bf5 26.a5 Rfc8 27.Rec1 Bf8 28.Bc4 Bc5 29.Bxc5 Rxc5
30.b4 Rc7 31.h3 h5 32.Re1 Re8 33.b5 Be6 34.Bxe6 Rxe6 35.Ra2 Kh6 36.Rb1 f5
37.b6 Rc8 38.Rb4 Kg5 39.Rc4 Ra8 40.Raa4 Rd6 41.Kf2 h4 42.Kf3 Rd5 43.Rc7 Raxa5
44.Rxa5 Rxa5 45.Rxb7 Rb5 46.Rb8 Kf6 47.b7 Kg7 48.Kf2 Rb2 49.Ke1 g5 50.Kd2 Rb1
51.Re8 Rxb7 52.Rxe5 Kf6 53.Rd5 Rb1 54.Ke2 Rc1 55.Rxd4 Rxc2+ 56.Kf3 Rd2 57.Rd8 Ke5
58.Rd7 Ke6 59.Rd8 Ke5 60.Rd7 Ra2  1/2-1/2

[Event "Budapest FS11 IM-B"]
[Site "Budapest"]
[Date "1994.??.??"]
[Round "8"]
[White "Wapner, Jonathan"]
[Black "Obodchuk, Andrei"]
[Result "0-1"]
[WhiteElo "2175"]
[BlackElo "2440"]

1.e4 c5 2.Nf3 Nc6 3.Bb5 g6 4.Bxc6 dxc6 5.h3 e5 6.d3 f6 7.Be3 Nh6 8.c3 Nf7
9.Na3 Be6 10.Nc2 f5 11.exf5 gxf5 12.Qe2 Qd5 13.c4 Qd6 14.O-O-O Rg8 15.Bd2 Rxg2
16.Bc3 Bh6+ 17.Kb1 Bf4 18.Rhe1 O-O-O 19.Nxe5 Nxe5 20.Bxe5 Bxe5 21.Qxe5 Qxe5
22.Rxe5 Bd7 23.f4 Rf2 24.Re7 Re8 25.Rxh7 Ree2 26.Rc1 Rxf4 27.b4 cxb4 28.Rg1 c5
29.Rgg7 Ba4 30.Rg8+ Re8 31.Rxe8+ Bxe8 32.Ne3 Rf2 33.Nd5 Bc6 34.Ne7+ Kd7 35.Nxf5+ Ke6
36.Ne3 Rd2 37.Nd5 Ke5 38.Ne7 Bg2 39.Rh4 Rxd3 40.Ng6+ Kd6 41.Nf4 Rd2 42.Nxg2 Rxg2
43.Rh5 Rd2 44.Rh7 Kc6 45.Rh6+ Kc7 46.Rh7+ Kc6 47.Rh6+ Rd6 48.Rh4 a5 49.Kc2 Rf6
50.Rg4 b5 51.cxb5+ Kxb5 52.Rg2 Rf4 53.Rh2 Rh4 54.Kb2 c4 55.Kc2 Ka4 56.Kb2 c3+
57.Kc2 Ka3 58.Kb1 a4 59.Ka1 Rf4  0-1

[Event "Budapest Spring op"]
[Site "Budapest"]
[Date "1994.??.??"]
[Round "9"]
[White "Kurth, Justus"]
[Black "Feher, Gyula"]
[Result "0-1"]
[WhiteElo "2305"]
[BlackElo "2400"]

1.e4 c5 2.Nf3 Nc6 3.Bb5 e6 4.O-O Nge7 5.b3 Nd4 6.Nxd4 cxd4 7.f4 a6 8.Bd3 Nc6
9.c3 Bc5 10.Kh1 O-O 11.a4 b6 12.Ba3 a5 13.Qe2 Bb7 14.Bb2 d5 15.Na3 dxe4 16.Bxe4 Qd7
17.Nb5 Rad8 18.c4 f5 19.Bf3 Rfe8 20.Rae1 g6 21.d3 Nb4 22.Bxb7 Qxb7 23.Ba3 Nc6
24.Bxc5 bxc5 25.Qf3 Qd7 26.Qg3 Re7 27.Re2 Rde8 28.Rfe1 Rg7 29.h3 h6 30.Qf3 g5
31.fxg5 Rxg5 32.Qf4 e5 33.Qf3 e4 34.dxe4 Ne5 35.Qf1 Nd3 36.Rd1 fxe4 37.Qf6 Re6
38.Qf1 Rgg6 39.Qf5 Rg5 40.Qf1 Qe7 41.Rxd3 exd3 42.Rxe6 Qxe6 43.Qxd3 Qe1+
44.Kh2 Qe3 45.Qxe3 dxe3 46.Nc3 Re5 47.Ne2 Rf5 48.Nc3 Rf1 49.Kg3 Kf7  0-1

[Event "Budapest FS10 GM"]
[Site "Budapest"]
[Date "1994.??.??"]
[Round "9"]
[White "Andrienko, Anatoly"]
[Black "Horvath, Peter"]
[Result "1-0"]
[WhiteElo "2315"]
[BlackElo "2390"]

1.e4 c5 2.Nf3 Nc6 3.Bb5 a6 4.Bxc6 dxc6 5.h3 e5 6.O-O Qc7 7.d3 f6 8.Be3 Be6
9.Nbd2 g5 10.Nh2 h5 11.Qe2 Bd6 12.a3 Ne7 13.b4 cxb4 14.axb4 Bxb4 15.Rfb1 Bd6
16.Rb6 Nc8 17.Rb2 c5 18.Ndf1 Ne7 19.Qf3 Rh6 20.Ng3 Bf7 21.c4 Rb8 22.Rab1 b6
23.h4 g4 24.Qd1 Rh8 25.f3 Be6 26.fxg4 hxg4 27.Nxg4 Ng6 28.Nxf6+ Kf7 29.Bg5 Nf4
30.Rf2 b5 31.Nd5 Bxd5 32.exd5 bxc4 33.dxc4 Qd7 34.Ne4 Rb4 35.Rxb4 cxb4 36.c5 Bb8
37.d6 Qf5 38.Qb3+ Kg6 39.Bxf4 exf4 40.Ng5 Re8 41.Qxb4 Kh5 42.Rxf4 Qe5 43.Re4  1-0

[Event "Budapest FS02 GM"]
[Site "Budapest"]
[Date "1994.??.??"]
[Round "9"]
[White "Wells, Peter K"]
[Black "Silman, Jeremy D"]
[Result "1/2-1/2"]
[WhiteElo "2490"]
[BlackElo "2405"]

1.e4 c5 2.Nf3 Nc6 3.Bb5 g6 4.Bxc6 dxc6 5.h3 Bg7 6.d3 e5 7.Be3 Qe7 8.Qd2 Nf6
9.Nc3 O-O 10.Bh6 Re8 11.Bxg7 Kxg7 12.Nh2 h5 13.O-O-O Nh7 14.Ne2 Ng5 15.f4 exf4
16.Nxf4 c4 17.Rdf1 cxd3 18.cxd3 Be6 19.Kb1 Rad8 20.Qc3+ Kg8 21.Nf3 Bc8 22.Nxg5 Qxg5
23.g4 h4 24.Qb3 Re7 25.Rf3 Bd7 26.Rhf1 Be8 27.Qa3 b6 28.Nh5 gxh5 29.Rf5 Qd2
30.Qxe7 Qxd3+ 31.Kc1 Qd2+  1/2-1/2

[Event "Budapest FS02 GM"]
[Site "Budapest"]
[Date "1994.??.??"]
[Round "10"]
[White "Siebrecht, Sebastian"]
[Black "Silman, Jeremy D"]
[Result "1/2-1/2"]
[WhiteElo "2360"]
[BlackElo "2405"]

1.e4 c5 2.Nf3 Nc6 3.Bb5 g6 4.O-O Bg7 5.Re1 Nf6 6.c3 O-O 7.e5 Nd5 8.d4 cxd4
9.cxd4 d6 10.Bxc6 bxc6 11.Nc3 Bg4 12.h3 Nxc3 13.bxc3 Bxf3 14.Qxf3 dxe5 15.dxe5 Qa5
16.Bf4 Rfd8 17.Qxc6 Rac8 18.Qb7 Rc7 19.Qb4 Qxb4 20.cxb4 Rd4 21.g3 Rxb4 22.Rac1 Rbc4
23.Rb1 e6 24.Rb8+ Rc8 25.Rb7 Ra4 26.Re2 h6 27.h4 a6 28.Rd2 h5 29.Rdd7 Rf8
30.Rb2 Ra8  1/2-1/2

[Event "Budapest FS05 IM"]
[Site "Budapest"]
[Date "1994.??.??"]
[Round "10"]
[White "Stillger, Bernhard"]
[Black "Isupov, Vladimir"]
[Result "1/2-1/2"]
[WhiteElo "2195"]
[BlackElo "2300"]

1.e4 c5 2.Nf3 Nc6 3.Bb5 d6 4.d4 cxd4 5.Qxd4 Bd7 6.Bxc6 Bxc6 7.Nc3 Nf6 8.Bg5 e6
9.O-O-O Be7 10.Qd3 O-O 11.Nd4 Qa5 12.f4 Rfe8 13.Bxf6 Bxf6 14.Nb3 Qc7 15.g4 Rac8
16.Rhe1 g5 17.fxg5 Bxg5+ 18.Kb1 Red8 19.Nd4 a6 20.h4 Bf6 21.g5 Bg7 22.h5 Qb6
23.Nce2 Qc5 24.g6 Qe5 25.gxf7+ Kxf7 26.Nc3 Qxd4 27.Qxd4 Bxd4 28.Rxd4 Ke7
29.Nd5+ Bxd5 30.exd5 e5 31.Rb4 b5 32.a4 Rc5 33.axb5 axb5 34.Rg4 Rf8 35.Rd1 Rc4
36.Rg7+ Rf7 37.Rgg1 Rh4 38.Rg8 Rxh5 39.Rb8 e4 40.Rb7+ Kf8 41.Rb8+ Ke7 42.Rb7+ Kf8  1/2-1/2

[Event "Budapest FS04 IM (Women)"]
[Site "Budapest"]
[Date "1994.??.??"]
[Round "11"]
[White "Hallerova, Eva"]
[Black "Koglin, Anke"]
[Result "0-1"]
[WhiteElo "2225"]
[BlackElo "2200"]

1.e4 c5 2.Nf3 Nc6 3.Bb5 g6 4.c3 Bg7 5.O-O Nf6 6.Re1 O-O 7.d4 cxd4 8.cxd4 d5
9.e5 Ne4 10.Nbd2 Nxd2 11.Bxd2 Qb6 12.Bxc6 bxc6 13.Bc3 Bg4 14.b4 e6 15.h3 Bxf3
16.Qxf3 Rfc8 17.Rab1 Rab8 18.Qe2 Qb5 19.Kf1 Bf8 20.Rec1 Qa4 21.Qc2 Qxc2 22.Rxc2 c5
23.dxc5 Rxc5 24.bxc5 Rxb1+ 25.Ke2 Bxc5 26.Bd2 Bd4 27.Rc7 Kg7 28.f4 Rb2 29.a4 Bb6
30.Rc1 Ba5 31.Rd1 Kf8 32.Kd3 Rxd2+ 33.Rxd2 Bxd2 34.Kxd2 Ke7 35.Kc3 Kd7 36.Kb4 Kc6
37.g4 h5  0-1

[Event "Buenos Aires PRENAJ"]
[Site "Buenos Aires"]
[Date "1994.??.??"]
[Round "1"]
[White "De las Heras, Juan Carlos"]
[Black "Zarnicki, Pablo"]
[Result "0-1"]
[WhiteElo "2320"]
[BlackElo "2435"]

1.e4 c5 2.Nf3 Nc6 3.Bb5 g6 4.O-O Bg7 5.Bxc6 bxc6 6.c4 e5 7.d3 d6 8.Qa4 Ne7
9.b4 cxb4 10.Qxb4 O-O 11.Nc3 h6 12.Ba3 c5 13.Qb3 f5 14.Nd5 Nxd5 15.cxd5 f4
16.Nd2 g5 17.f3 h5 18.Kf2 g4 19.Ke2 Rf6 20.Nc4 Rg6 21.Kd2 Qh4 22.Qa4 gxf3
23.Qe8+ Kh7 24.gxf3 Rg2+ 25.Kc3 Qxh2 26.Rfc1 Bb7 27.Qf7 Ba6 28.Nxd6 Rd2 29.Nc4 Bxc4
30.Kxc4 Rc2+ 31.Kb5 Rb2+ 32.Ka4 Rab8 33.d6 R2b6 34.Qxa7 Qd2  0-1

[Event "ARG-ch"]
[Site "Buenos Aires"]
[Date "1994.??.??"]
[Round "1"]
[White "Spangenberg, Hugo"]
[Black "Amura, Claudia Noemi"]
[Result "1-0"]
[WhiteElo "2510"]
[BlackElo "2320"]

1.e4 c5 2.Nf3 Nc6 3.Bb5 d6 4.O-O Bd7 5.Re1 Nf6 6.c3 a6 7.Bf1 Bg4 8.d3 e6
9.Nbd2 Be7 10.h3 Bh5 11.a3 h6 12.b4 b6 13.Qb3 Qc7 14.g3 O-O 15.Bg2 d5 16.exd5 exd5
17.Nh4 Rfe8 18.Nf1 Qd7 19.Ne3 d4 20.Nc4 Bd8 21.Rxe8+ Nxe8 22.bxc5 bxc5 23.Nb6 Na5
24.Qb1 Bxb6 25.Qxb6 Qd8 26.Qxc5 Nb3 27.Qxh5 Nxa1 28.Bxa8 Qxa8 29.cxd4 Nb3
30.Be3 Nf6 31.Qe5 Qd8 32.Nf5 Kh7 33.Nd6 Kg8 34.d5 a5 35.Nf5 Kh7 36.d6 a4
37.g4 Na5 38.Qb5  1-0

[Event "Buenos Aires PRENAJ"]
[Site "Buenos Aires"]
[Date "1994.??.??"]
[Round "1"]
[White "Ricardi, Pablo"]
[Black "Piscicelli, Daniel"]
[Result "1-0"]
[WhiteElo "2470"]
[BlackElo "2340"]

1.e4 c5 2.Nf3 Nc6 3.Bb5 g6 4.O-O Bg7 5.Re1 e5 6.Bxc6 dxc6 7.d3 f6 8.a3 a5
9.Be3 b6 10.Nbd2 Nh6 11.b4 cxb4 12.axb4 a4 13.Nc4 Rb8 14.Rxa4 O-O 15.Ra7 Nf7
16.Qa1 Nd6 17.Nfxe5 fxe5 18.Rxg7+ Kxg7 19.Qxe5+ Qf6 20.Bd4 Kg8 21.Qxf6 Rxf6
22.Bxf6 Nxc4 23.dxc4 Be6 24.Ra1 Rb7 25.f3 Bxc4 26.Kf2 Kf7 27.Bd4 Ke6 28.Ke3 Kd6
29.Rd1 Ke6 30.h4 Rd7 31.Ra1 Rb7 32.Rd1 Rd7 33.Rh1 Rb7 34.h5  1-0

[Event "ARG-ch"]
[Site "Buenos Aires"]
[Date "1994.??.??"]
[Round "3"]
[White "Quiroga, Sergio"]
[Black "Nedilsky, Diego"]
[Result "0-1"]
[WhiteElo "2300"]
[BlackElo "2225"]

1.e4 c5 2.Nf3 Nc6 3.Bb5 e6 4.Bxc6 bxc6 5.b3 Ne7 6.O-O Ng6 7.Bb2 f6 8.e5 Be7
9.Na3 O-O 10.Nc4 Qc7 11.d4 Ba6 12.Re1 Bxc4 13.bxc4 Rab8 14.Bc3 cxd4 15.Bxd4 c5
16.Bc3 fxe5 17.Nxe5 Bf6 18.Nxg6 Bxc3 19.Nxf8 Rxf8 20.Re4 Bxa1 21.Qxa1 Rf4
22.Qe1 Rxe4 23.Qxe4 Qb8 24.f4 Qb1+ 25.Kf2 Qxa2 26.f5 Qa6 27.fxe6 dxe6 28.h4 Qc8
29.g4 Qd7 30.Kg3 Qc8 31.g5 g6 32.Qe5 a5 33.Qe1 Qa6 34.Qe5 Qb6 35.Qe4 Qb8+
36.Kg2 Qc8 37.Qe1 Qc6+ 38.Kg3 a4 39.Qa5 Kf7 40.Qa7+ Kf8 41.Qxh7 Qd6+ 42.Kh3 Qe5
43.Qa7 Qc3+ 44.Kg2 Qxc2+ 45.Kg3 Qd3+ 46.Kh2 Qe2+ 47.Kg3 Qe1+ 48.Kh3 Qf1+
49.Kg3 Qg1+ 50.Kh3 Qh1+ 51.Kg3 Qg1+ 52.Kh3 Qe3+ 53.Kg2 Qd2+ 54.Kh3 Qc3+ 55.Kg2 Qb2+
56.Kh3 Qb3+ 57.Kh2 Qc2+ 58.Kg3 Qd3+ 59.Kh2 Qd2+ 60.Kh3 Qe3+ 61.Kg2 Qe4+ 62.Kg3 Qc6
63.Kf4 Qd6+ 64.Ke4 Qd4+ 65.Kf3 Qc3+ 66.Kg2 Qb2+ 67.Kh3 Qb4 68.Qd7 Qc3+ 69.Kg2 Qb2+
70.Kf3 a3 71.Qc8+ Kg7 72.Qxc5 Qb7+ 73.Kf4 a2 74.Qa5 Qb8+ 75.Kg4 Qb2 76.Qa7+ Kg8
77.Qa8+ Kg7 78.Qa7+ Kg8 79.Qa8+ Kf7 80.Qa7+ Ke8 81.Qa4+ Ke7 82.Qa7+ Kd6 83.c5+ Kd5
84.Qd7+ Kc4 85.Qxe6+ Kd3 86.Qxg6+ Kd2 87.Qd6+ Ke1 88.Qg3+ Kf1 89.Qf3+ Qf2
90.Qc3 Kg2 91.c6 a1=Q 92.Qh3+ Kg1 93.Qg3+ Qxg3+ 94.Kxg3 Qc3+ 95.Kg4 Qxc6
96.Kf5 Qh1 97.Kg4 Qe4+ 98.Kh5 Qh7+ 99.Kg4 Kg2  0-1

[Event "Buenos Aires PRENAJ"]
[Site "Buenos Aires"]
[Date "1994.??.??"]
[Round "5"]
[White "Szmetan, Jorge"]
[Black "Amura, Claudia Noemi"]
[Result "0-1"]
[WhiteElo "2405"]
[BlackElo "2320"]

1.e4 c5 2.Nf3 Nc6 3.Bb5 g6 4.O-O Bg7 5.Re1 e5 6.c3 Nge7 7.d4 exd4 8.cxd4 Nxd4
9.Nxd4 cxd4 10.Bf4 O-O 11.e5 d6 12.exd6 Nf5 13.Na3 Nxd6 14.Qd2 Be6 15.Qb4 Nf5
16.Bd3 Bd5 17.Nb5 Nh4 18.f3 Qf6 19.Qd6 Bc6 20.Qxf6 Bxf6 21.Rac1 g5 22.Be5 Bxe5
23.Rxe5 h6 24.Nxd4 Rfd8 25.Rc4 Bxf3 26.g3 Bd5 27.Rxd5 Rxd5 28.Be4 Re5 29.Bxb7 Rb8
30.Nc6 Nf3+ 31.Kf2 Rxb7 32.Nxe5 Nxe5 33.Rc8+ Kg7 34.b3 Rd7 35.Rc2 Kg6 36.Ke2 Kf5
37.Rc5 Ke4 38.Ra5 Nc6 39.Ra4+ Nd4+ 40.Kd2 Rc7  0-1

[Event "Buenos Aires GP1"]
[Site "Buenos Aires"]
[Date "1994.??.??"]
[Round "5"]
[White "Perez Pietronave, Carlos"]
[Black "Amura, Claudia Noemi"]
[Result "1-0"]
[WhiteElo "2230"]
[BlackElo "2320"]

1.e4 c5 2.Nf3 Nc6 3.Bb5 g6 4.O-O Bg7 5.Bxc6 bxc6 6.Re1 e5 7.c3 Ne7 8.d4 cxd4
9.cxd4 exd4 10.Nxd4 O-O 11.Nc3 Qc7 12.Be3 Ba6 13.Rc1 f5 14.Bg5 Rae8 15.Bxe7 Rxe7
16.Nd5 Qd6 17.Nxe7+ Qxe7 18.exf5 Qf6 19.Nf3 Qxf5 20.Re7 Bd3 21.Qb3+ Kh8 22.Rce1 c5
23.Qb7 c4 24.Rxd7 Qf6 25.Qxa7 Qxb2 26.Rf7 Rc8 27.Qd7 Rg8 28.h4 Bf5 29.Qc7 Qc3
30.Re3 Qa1+ 31.Kh2 Qb2 32.Qxc4 Qxf2 33.Rxg7  1-0

[Event "ARG-ch"]
[Site "Buenos Aires"]
[Date "1994.??.??"]
[Round "6"]
[White "Zarnicki, Pablo"]
[Black "Amura, Claudia Noemi"]
[Result "1-0"]
[WhiteElo "2435"]
[BlackElo "2320"]

1.e4 c5 2.Nf3 Nc6 3.Bb5 e6 4.O-O Nge7 5.c3 a6 6.Ba4 b5 7.Bc2 Bb7 8.d4 cxd4
9.Nxd4 Ng6 10.f4 Be7 11.Be3 O-O 12.Nd2 Rc8 13.Qh5 Qc7 14.Ne2 Na5 15.Rf3 Rfe8
16.Rg3 Nc4 17.Nxc4 Qxc4 18.f5 Nf8 19.Rf1 Bf6 20.Bb3 Qxe4 21.fxe6 Rxe6 22.Bxe6 Qxe6
23.Rxf6 Qxf6 24.Bd4 Qg6 25.Rxg6 hxg6 26.Qe5 Ne6 27.Nf4 f6 28.Qd6 Nxf4 29.Qxf4 Bc6
30.Kf2 a5 31.g4 Re8 32.g5 f5 33.h4 a4 34.Qd6 Kf7 35.Bxg7 Kxg7 36.Qf6+ Kg8
37.Qxg6+ Kf8 38.Qh6+  1-0

[Event "ARG-ch"]
[Site "Buenos Aires"]
[Date "1994.??.??"]
[Round "6"]
[White "Rubinetti, Jorge A"]
[Black "Spangenberg, Hugo"]
[Result "0-1"]
[WhiteElo "2455"]
[BlackElo "2510"]

1.e4 c5 2.Nf3 Nc6 3.Bb5 g6 4.Bxc6 bxc6 5.O-O Bg7 6.d3 d6 7.Nbd2 Nh6 8.Re1 e5
9.a3 a5 10.a4 O-O 11.Nc4 f5 12.h3 f4 13.Bd2 g5 14.Nh2 Nf7 15.Bc3 Qc7 16.b3 d5
17.Nd2 Qd6 18.Qh5 Bd7 19.Rad1 h6 20.Rf1 Nd8 21.Rde1 Ne6 22.Qd1 Nd4 23.Bb2 Rab8
24.Ba3 Rf7 25.Nhf3 Nxf3+ 26.Qxf3 Qg6 27.Qe2 h5 28.f3 g4 29.fxg4 hxg4 30.hxg4 Bxg4
31.Nf3 Bf6 32.Bxc5 Qh5 33.exd5 cxd5 34.Bd6 Rh7 35.Qxe5 Bxe5 36.Rxe5 Qh6 37.Bxb8 Qb6+
38.d4 Qxb8 39.Rfe1 Bd7 40.Rg5+ Kf8 41.Rxd5 Rg7 42.Rxa5 Bc6 43.Rf5+ Kg8 44.d5 Bd7
45.Rfe5 Qb6+ 46.Kf1 Qh6 47.Kg1 Bg4 48.Re8+ Kh7 49.Nh2 Bh3 50.R8e2 Qg6 51.Nf3 Qg3
52.Nd4 f3  0-1

[Event "Buenos Aires GP1"]
[Site "Buenos Aires"]
[Date "1994.??.??"]
[Round "6"]
[White "Celis, Gustavo"]
[Black "Del Rey, Diego"]
[Result "1-0"]
[WhiteElo "2345"]
[BlackElo "2400"]

1.e4 c5 2.Nf3 Nc6 3.Bb5 e5 4.O-O Nge7 5.c3 g6 6.d4 exd4 7.cxd4 cxd4 8.Nxd4 Bg7
9.Be3 O-O 10.Nc3 a6 11.Be2 d6 12.Qd2 Qc7 13.Rac1 Qb8 14.Rfd1 Rd8 15.Nxc6 bxc6
16.Bf4 Qb7 17.e5 d5 18.Ne4 Be6 19.Nc5 Qb6 20.Bg5 Re8 21.Be3 Qc7 22.Nxa6 Qc8
23.Nb4 Qb7 24.f4 Bd7 25.a3 Nf5 26.Bf2 f6 27.exf6 Bxf6 28.Bf3 Ne7 29.Re1 Rad8
30.Bd4 Bxd4+ 31.Qxd4 Nf5 32.Qc5 Rxe1+ 33.Rxe1 Re8 34.Rxe8+ Bxe8 35.a4 Qe7
36.Qxe7 Nxe7 37.a5 Nc8 38.Kf2 Kf8 39.Ke3 Ke7 40.Nd3 Kd6 41.b4 Na7 42.Nc5 Nb5
43.Be2 Na7 44.Kd4 Nc8 45.Bd3 Na7 46.g4 Nc8 47.h4 Bf7 48.f5 Ne7 49.fxg6 hxg6
50.Ba6 Ng8 51.Bc8 Ne7 52.Bb7 Kc7 53.a6 Kb6 54.Nd7+ Ka7 55.Ne5 Be8 56.Kc5 d4
57.Kxd4 Kb6 58.Nc4+ Kc7 59.Kc5 Bd7 60.Ne5 Be8 61.h5 gxh5 62.gxh5 Bxh5 63.Nxc6 Nf5
64.b5 Nd6 65.b6+ Kd7 66.Nb8+ Ke7 67.a7 Nxb7+ 68.Kb4 Kd6 69.a8=Q Bf3 70.Qa1 Bd5
71.Qf6+ Be6 72.Qf4+ Kd5 73.Qf3+  1-0

[Event "Buenos Aires GP1"]
[Site "Buenos Aires"]
[Date "1994.??.??"]
[Round "6"]
[White "Moreno, Javier"]
[Black "Miladinovic, Igor"]
[Result "0-1"]
[WhiteElo "2220"]
[BlackElo "2480"]

1.e4 c5 2.Nf3 Nc6 3.Bb5 e6 4.O-O Nge7 5.Nc3 a6 6.Bxc6 Nxc6 7.d4 cxd4 8.Nxd4 d6
9.Nxc6 bxc6 10.Qg4 h5 11.Qe2 a5 12.Rd1 e5 13.Be3 Ba6 14.Qd2 Be7 15.f4 exf4
16.Bxf4 O-O 17.Qf2 Qb8 18.Rab1 Rd8 19.Kh1 Qc8 20.Qf3 h4 21.Rd2 Qe6 22.Rbd1 Bb7
23.h3 a4 24.a3 Rd7 25.Qg4 d5 26.exd5 cxd5 27.Qxe6 fxe6 28.Re1 Rf8 29.Be5 Bg5
30.Rd4 Rdf7 31.Kh2 Rf1 32.Rdd1 R1f2 33.Bd4 Rxc2 34.Rxe6 Rxb2 35.Nxa4 Bf4+
36.Kg1 Ra2 37.Re7 Rf7 38.Rxf7 Kxf7 39.Nc5 Bc6 40.Rf1 g5 41.Nd3 Bb5 42.Rf2 Rxf2
43.Nxf2 Bc1 44.Ng4 Bxa3 45.Kf2 Bd6 46.Ne5+ Ke6 47.Nf3 Bg3+ 48.Ke3 Bf4+ 49.Kf2 Kf5
50.Be3 Bd3 51.Nd4+ Ke4 52.Bxf4 Kxf4 53.Ne6+ Kf5 54.Nd4+ Ke5 55.Nf3+ Kf4 56.Nd4 Be4
57.Ne2+ Ke5 58.g3 d4 59.gxh4 gxh4 60.Ng1 d3 61.Ke3 Kd5 62.Kd2 Kd4 63.Ne2+ dxe2
64.Kxe2 Bg2 65.Kf2 Bxh3 66.Kg1  0-1

[Event "Buenos Aires GP1"]
[Site "Buenos Aires"]
[Date "1994.??.??"]
[Round "7"]
[White "Madina, Martin"]
[Black "Adla, Diego"]
[Result "0-1"]
[WhiteElo "2280"]
[BlackElo "2415"]

1.e4 c5 2.Nf3 Nc6 3.Bb5 d6 4.O-O Bd7 5.Re1 Nf6 6.c3 a6 7.Bf1 Bg4 8.d3 g6
9.h3 Bxf3 10.Qxf3 Bg7 11.Be3 Nd7 12.Qd1 Qb6 13.Qd2 O-O 14.Na3 Rfc8 15.Red1 Qa5
16.Nc2 b5 17.f4 b4 18.d4 bxc3 19.bxc3 e6 20.e5 d5 21.Bd3 Nb6 22.dxc5 Na4
23.c4 Nb2 24.cxd5 Nxd3 25.dxc6 Qxd2 26.Bxd2 Nb2 27.Be1 Bf8 28.Rab1 Nc4 29.Bb4 a5
30.Ba3 Bxc5+ 31.Kf1 Ra6 32.Rb5 Ba7 33.Rb7 Ne3+ 34.Nxe3 Bxe3 35.g3 a4 36.Ke2 Bc5
37.Kd3 Raxc6 38.Bxc5 Rxc5 39.Rb4 Rc1 40.Rxc1 Rxc1 41.Rxa4 Rg1 42.g4 Rh1 43.Kc4 Rxh3
44.g5 Kg7 45.Kd4 h6 46.gxh6+ Kxh6 47.Ra7 Kg7 48.a4 Rh4 49.Ke3 g5 50.fxg5 Rg4
51.a5 Rxg5 52.Kf4 Rg1 53.a6 Ra1 54.Ra8 Ra4+ 55.Ke3 Kg6 56.Rg8+ Kf5 57.Rg7 Kxe5
58.Rxf7 Rxa6 59.Rb7 Ra3+ 60.Ke2 Kf4 61.Rb4+ Kf5 62.Rb5+ e5 63.Rb7 Kf4 64.Rf7+ Ke4
65.Re7 Ra2+ 66.Ke1 Kf4 67.Rb7 e4 68.Rb8 Kf3 69.Rf8+ Ke3 70.Kf1 Ra1+ 71.Kg2 Ke2
72.Rf2+ Kd3 73.Rf8 e3 74.Rd8+ Ke2 75.Rb8 Ra2 76.Kg1 Ra7 77.Rb2+ Kf3 78.Rb8 Rg7+
79.Kh2 e2 80.Rf8+ Ke3 81.Re8+ Kf2 82.Rf8+ Ke1 83.Rd8 Rg5  0-1

[Event "ARG-World"]
[Site "Buenos Aires"]
[Date "1994.??.??"]
[Round "10"]
[White "Mascarinas, Rico"]
[Black "Scarella, Enrique"]
[Result "1-0"]
[WhiteElo "2410"]
[BlackElo "2405"]

1.e4 c5 2.Nf3 Nc6 3.Bb5 g6 4.O-O Bg7 5.c3 Nf6 6.Re1 O-O 7.d4 cxd4 8.cxd4 d6
9.h3 Bd7 10.Nc3 h6 11.Be3 Qa5 12.Bd3 a6 13.a3 b5 14.Qd2 Kh7 15.e5 Ng8 16.b4 Qd8
17.Bf4 dxe5 18.dxe5 Bf5 19.Ne4 Nd4 20.Nxd4 Qxd4 21.Rad1 Rad8 22.g4 Bxe4 23.Rxe4 Qb6
24.Be3 Qc7 25.f4 e6 26.Bc5 Ne7 27.Qf2 Qb7 28.Rd4 Rxd4 29.Qxd4 Qf3 30.Be4 Qg3+
31.Bg2 Nd5 32.Qd3 Qxf4 33.Bxf8 Bxf8 34.Bxd5 exd5 35.Rf1 Qxe5 36.Rxf7+ Bg7
37.Kg2 d4 38.Rf2 h5 39.Qg3 Qd5+ 40.Qf3 Qg5 41.Qf4 Qd5+ 42.Qf3 Qg5 43.Qe4 hxg4
44.hxg4 Qc1 45.Rf3 Qd2+ 46.Kf1 Qc1+ 47.Qe1 Qg5 48.Rh3+ Bh6 49.Qe2 Qc1+ 50.Kf2 Qg5
51.Kg3 Qf4+ 52.Kg2 Qg5 53.Qf3 Kg8 54.Qd3 Qd5+ 55.Rf3 Kh7 56.Qb3 Qe4 57.Qf7+ Kh8
58.Qf6+ Bg7 59.Qf4 Qc2+ 60.Kh3 Qd1 61.g5 Qe2 62.Rf2 Qe6+ 63.Kg2 Kg8 64.Kf1 Qe7
65.Qb8+ Bf8 66.Qa8 Kg7 67.Qd5 d3 68.Qd4+ Kg8 69.Qxd3 Qe8 70.Qd5+ Kg7 71.Re2 Qc8
72.Qe5+  1-0

[Event "ESP-chT"]
[Site "Cala Galdana"]
[Date "1994.??.??"]
[Round "4"]
[White "Rodriguez Lopez, Rafael"]
[Black "Aranda Marin, Cristian"]
[Result "1-0"]
[WhiteElo "2275"]
[BlackElo "2170"]

1.e4 c5 2.Nf3 Nc6 3.Bb5 g6 4.O-O Bg7 5.Re1 Nf6 6.c3 O-O 7.h3 a6 8.Bxc6 dxc6
9.d4 cxd4 10.cxd4 Qc7 11.Nc3 Rd8 12.Qe2 h6 13.a4 b6 14.Bd2 Be6 15.e5 Nd5
16.Ne4 a5 17.Rec1 Nb4 18.Be3 Qd7 19.Nh2 Bf5 20.f3 Nd5 21.Bf2 Rac8 22.Ng4 h5
23.Ne3 Be6 24.Nc4 Bh6 25.Rc2 Rb8 26.Rd1 Rdc8 27.Bh4 Nf4 28.Qf1 Bd5 29.Kh2 Rb7
30.Ncd6 Bxe4  1-0